000 00992nam a22003017a 4500
001 393
003 FISKH
005 20241204092630.0
008 230406b cb ||||| |||| 00| 0 eng d
020 _a9780545212434
040 _aDLC
_cDLC
_dDLC
_dFISKH
_beng
050 0 0 _aQL666.O6
_bS87 2009
082 0 0 _a597.96
_222
100 1 _aStewart, Melissa.
245 1 0 _aSnakes! /
_cby Melissa Stewart.
260 _aWashington, D.C. :
_bNational Geographic,
_c2009.
300 _a31 p. :
_bcol. ill. ;
_c23 cm.
490 0 _aNational Geographic readers. Level 2.
505 _aH
520 _aAn introduction to the types, physical features, behavior, and pet potential of snakes.
521 8 _a490
_bLexile
521 8 _aH
_bRaz-Plus
650 0 _aSnakes
_vJuvenile literature.
650 0 _aSnakes.
906 _a7
_bcbc
_corignew
_d1
_eecip
_f20
_gy-gencatlg
942 _2ddc
_cBK
_n0
999 _c393
_d393